[Event "BL 2017-18"]
[Site "Germany"]
[Date "2018.02.25"]
[Round "10"]
[White "Lindgren, Philip"]
[Black "Landa, Konstantin"]
[Result "0-1"]
[WhiteElo "2405"]
[BlackElo "2604"]
[Annotator "TA"]
[PlyCount "132"]
[EventDate "2018.05.24"]
[EventType "team-tourn"]
[EventCountry "GER"]
[SourceTitle "playchess.com"]
[Source "ChessBase"]
[SourceQuality "1"]
[WhiteTeam "Bayern Muenchen"]
[BlackTeam "Muelheim"]

{[%evp 18,132,0,-1,0,-7,0,-6,0,0,0,0,3,0,14,0,0,0,32,-7,24,-12,0,-7,-9,-24,-25,-34,-21,-36,-18,-27,-9,-21,-17,-27,-28,-27,-20,-58,-6,-22,0,-48,4,4,9,6,15,0,9,-31,-34,-29,-41,-41,-33,-8,-19,-85,-70,-43,-24,-88,-93,-97,-111,-94,-8,-14,-8,-8,-8,-8,-8,-200,-176,-721,-713,-654,-543,-418,-146,-150,-133,-133,-133,-133,-34,-1816,-1547,-1750,-133,-1881,-1776,-1810,-1672,-1672,-1618,-1569,-1566,-1358,-841,-29981,-29982,-29987,-29988,-29988,-29989,-29989,-29990,-29988,-29988,-29991,-29992,-29992,-29993]} 1. c4 e6 2. Nf3 d5 3. g3 dxc4 4. Qa4+ Nd7 5. Qxc4 a6 6. Bg2 b5 7. Qc2 Bb7 8. O-O Ngf6 9. b3 c5 10. Bb2 Bd6 {A13: English Opening: 1...e6} (10... Be7 11. d3 O-O 12. Nbd2 Rc8 13. Rac1 Qb6 14. Qb1 Rfe8 15. Qa1 Bd6 16. Rc2 e5 17. Rfc1 Rcd8 18. Ng5 Bxg2 19. Kxg2 Qb7+ 20. Kg1 Nd5 {0-1 (66) Can,E (2557)-Cheparinov,I (2685) Gjakova 2016}) 11. d3 O-O 12. Nbd2 Qc7 $146 {The position is equal.} ({Predecessor:} 12... Qb6 13. a3 h6 14. Rac1 Rac8 15. Qb1 Qa7 16. Qa1 Qa8 {0-1 (39) Raaste,E (2350)-Kekki,P (2275) Helsinki 1994}) 13. Rac1 Rac8 14. Qb1 Qb8 15. Qa1 Rfd8 16. Rc2 Bf8 17. Rfc1 Qa8 18. a3 h6 19. h3 Re8 20. Kh2 Qb8 21. Rg1 e5 22. e4 Qd6 23. Bf1 g6 24. Be2 Bg7 25. Rgc1 Nh7 {[%cal Bf6h7,Bh7f8,Bf8e6][%mdl 32]} 26. Bc3 Nhf8 27. b4 Ne6 28. Nb3 cxb4 (28... Qb6 $15 29. Kg1 c4 30. dxc4 Bxe4) 29. axb4 Rc7 30. Bd2 Rec8 ({Black should play} 30... Rxc2 $15 31. Rxc2 f5) 31. Rxc7 $11 Rxc7 32. Rxc7 Qxc7 33. Na5 Ba8 34. Qc1 Qxc1 35. Bxc1 Bf8 36. Bd2 f5 37. exf5 gxf5 38. Bc3 (38. Nh4 $11) 38... Kf7 39. Nb3 Bd6 40. Kg1 (40. Nh4 $11 {keeps the balance.}) 40... Nc7 $36 {[%mdl 2048] Black is on the roll.} 41. Bd2 Nd5 42. d4 Bxb4 ({Better is} 42... e4 $17 43. Nh4 Ke6 44. Nc5+ Nxc5 45. dxc5 Be5) 43. Nxe5+ $11 Nxe5 44. Bxb4 $1 Nxb4 45. dxe5 $17 {[%mdl 4096] Endgame KBN-KBN} Bd5 46. Nd4 $2 (46. Nc5 $11) 46... Nc6 $19 47. Nxc6 $2 (47. Nxf5 Ke6 48. Nxh6) 47... Bxc6 {KB-KB} 48. Kf1 a5 {[%cal Ba6a5,Ba5a4,Ba4a3][%mdl 32]} 49. Ke1 b4 $2 (49... Ke6 $19 {and Black stays clearly on top.} 50. f4 Kd5) 50. Bc4+ $17 Kg6 51. f4 a4 52. Kd2 Bg2 (52... Be4 $1 $17) 53. h4 $2 {[%mdl 8192]} (53. Kc2 $15) 53... Be4 $1 $19 54. Kc1 {[#]} a3 $1 55. Bb3 $2 {[%mdl 8192] [#]} (55. Kd2 $17) 55... Kg7 $1 {[%cal Rg7f8]} 56. Bc4 Kf8 57. Bb3 Ke7 58. Bc4 Kd7 59. Bb3 Kc6 60. Ba2 Bd5 {Black mates.} 61. Bxd5+ Kxd5 {KP-KP} 62. Kc2 a2 63. Kb2 {[#]} b3 $1 {[%mdl 512]} 64. h5 (64. Kxb3 a1=Q) 64... Kc5 65. Ka1 Kc4 66. Kb2 Kd3 {Precision: White = 29%, Black = 53%.} 0-1

[Event "BL 2017-18"]
[Site "Germany"]
[Date "2018.02.25"]
[Round "10"]
[White "Seyb, Alexander"]
[Black "Graf, Alexander"]
[Result "1-0"]
[WhiteElo "2393"]
[BlackElo "2585"]
[Annotator "TA"]
[PlyCount "41"]
[EventDate "2018.05.24"]
[EventType "team-tourn"]
[EventCountry "GER"]
[SourceTitle "playchess.com"]
[Source "ChessBase"]
[SourceQuality "1"]
[WhiteTeam "SFR Berlin"]
[BlackTeam "SF Deizisau"]

{[%evp 14,41,76,55,65,55,75,73,110,111,148,107,98,100,183,135,375,377,419,415,418,396,394,402,406,395,406,385,635,622]} 1. e4 e6 2. d4 d5 3. Nc3 Nc6 4. Nf3 Nf6 5. Bd3 Bb4 6. O-O {C10: French with 3 Nc3: Unusual Black 3rd moves and 3...dxe4} (6. Bg5 dxe4 7. Bxe4 Ne7 8. Bd3 Ned5 9. O-O Nxc3 10. bxc3 Bxc3 11. Rb1 h6 12. Bh4 c6 13. Rb3 Bxd4 14. Bc4 {1-0 (26) Caruana,F (2791)-Jobava,B (2713) Dubai 2014}) 6... Bxc3 7. exd5 Bxd4 8. dxc6 {LiveBook: 5 Games. White is better.} Bc5 9. Bg5 bxc6 10. Qe2 Bb7 11. Ne5 {[%mdl 1024] White has strong compensation.} h6 12. Bh4 {[%cal Bg5h4,Bh4g3,Bg3e5,Be5d6][%mdl 32]} Qd4 {[#]} 13. Bg3 $1 Be7 $146 (13... Bd6 $16 {is a better defense.}) ({Predecessor:} 13... Bd6) 14. Rfd1 Qc5 $2 {[#]} (14... Qb6 $16 {was called for.}) 15. b4 $1 $18 {[%mdl 512]} Qb6 (15... Qxb4 16. Rab1) 16. Nc4 Qd4 {[#]} 17. Bf5 $1 {[%mdl 512]} Qc3 (17... exf5 18. Rxd4) 18. Be5 Qxb4 19. Rab1 Qc5 20. Rxb7 exf5 $2 {[#]} (20... O-O 21. Bd3 Rfb8) 21. Bd6 $1 {[%mdl 512] Precision: White = 97%, Black = 22%.} 1-0

[Event "BL 2017-18"]
[Site "Germany"]
[Date "2018.02.25"]
[Round "10"]
[White "Zeller, Frank"]
[Black "Maiwald, Jens-Uwe"]
[Result "0-1"]
[WhiteElo "2382"]
[BlackElo "2437"]
[Annotator "TA"]
[PlyCount "70"]
[EventDate "2018.05.24"]
[EventType "team-tourn"]
[EventCountry "GER"]
[SourceTitle "playchess.com"]
[Source "ChessBase"]
[SourceQuality "1"]
[WhiteTeam "Schwaebisch Hall"]
[BlackTeam "Dresden"]

{[%evp 16,70,52,56,67,32,61,47,43,23,94,92,103,89,194,113,136,106,112,76,148,126,142,136,191,207,200,189,236,0,0,-11,-23,-59,-26,-159,0,-243,-237,-606,-595,-479,-92,-529,-523,-645,-645,-643,-618,-719,-710,-2935,-2572,-1811,-1708,-29989,-29990]} 1. e4 d6 2. d4 Nf6 3. Nc3 g6 4. Be3 a6 5. f3 (5. h3 Bg7 6. Nf3 O-O 7. a4 Nc6 8. Be2 e6 9. O-O b6 10. d5 exd5 11. exd5 Ne7 12. Bc4 Bb7 13. Qd2 Nf5 14. Bf4 Qd7 15. Rfe1 Rfe8 16. Rxe8+ Rxe8 17. Re1 Rxe1+ 18. Qxe1 {½-½ (63) Caruana,F (2799)-Grischuk,A (2782) Saint Louis 2017}) 5... b5 6. Qd2 {B07: Pirc Defence: Miscellaneous Systems} Nbd7 7. O-O-O Bb7 8. g4 h6 9. h4 {LiveBook: 3 Games} Nb6 10. Nh3 b4 11. Nb1 a5 12. c4 $146 ({Predecessor:} 12. g5 Nh5 {½-½ (12) Strzemiecki,Z (2383)-Petrosian,S (2377) Germany 2014}) 12... bxc3 (12... Nbd7 $11) 13. Nxc3 $16 Bg7 14. Kb1 e6 (14... h5 $16) 15. Rc1 (15. h5 $1 $18) 15... a4 16. Rh2 c6 17. Nf2 d5 (17... a3 $142) 18. h5 g5 {[#]} 19. f4 $1 {[%cal Rf4g5]} gxf4 (19... Nh7 $16 20. exd5 cxd5) 20. Bxf4 $18 Ba6 21. g5 Bxf1 22. gxf6 $2 ({White has to play} 22. Rxf1 $18 Nc4 23. Qe2) 22... Nc4 $11 23. fxg7 Nxd2+ 24. Bxd2 Rg8 25. Bxh6 {[#]} (25. Rxf1 $11 {keeps the balance.} Qf6 26. Rc1) 25... Qf6 $2 ({Black should try} 25... Bc4 $1 $17 {Hoping for ...Qf6.} 26. Rh3 f5) 26. Ng4 $2 (26. Be3 $11 Rxg7 27. Rxf1) 26... Qxd4 $19 27. Rf2 $2 (27. Ka1 Bd3 28. Bg5 Qxg7 29. Nf6+ Kd8 30. Bh4) 27... Bd3+ 28. Ka1 Rxg7 $2 (28... f5 $19 {and Black stays clearly on top.} 29. Ne3 a3 30. exf5 Rxg7 31. bxa3 Rh7) 29. Bxg7 $4 {[%mdl 8192]} (29. Be3 $17 Qb4 30. Nf6+ Kd8 31. exd5 exd5 32. h6) 29... Qxg7 30. Nf6+ Ke7 31. exd5 cxd5 {[%cal Bc6d5,Bd5d4][%mdl 32]} 32. Re1 Qg3 33. Nd1 d4 34. Nd5+ Kd6 {( -> ...Rc8)} 35. Nb4 Rc8 {Precision: White = 22%, Black = 46%.} 0-1

[Event "BL 2017-18"]
[Site "Germany"]
[Date "2018.02.25"]
[Round "10"]
[White "Margolin, Boris"]
[Black "Heinemann, Thies"]
[Result "1/2-1/2"]
[WhiteElo "2376"]
[BlackElo "2495"]
[Annotator "TA"]
[PlyCount "121"]
[EventDate "2018.05.24"]
[EventType "team-tourn"]
[EventCountry "GER"]
[SourceTitle "playchess.com"]
[Source "ChessBase"]
[SourceQuality "1"]
[WhiteTeam "SV Hofheim"]
[BlackTeam "Hamburg SK"]

{[%evp 15,121,20,25,23,37,4,24,21,19,15,13,11,20,16,27,16,22,-4,22,27,43,45,60,0,0,0,0,-19,-12,-56,-45,-27,-65,-49,-18,-50,-44,-72,-68,-66,-31,-33,-33,-38,-8,-10,-8,-9,-13,-40,-7,-38,-6,-46,-10,-24,0,-15,-15,-16,-9,-38,-13,-22,0,-5,0,0,0,0,0,0,0,0,0,0,0,0,0,0,0,0,0,0,103,0,0,0,0,0,0,0,0,0,0,0,0,0,0,0,0,0,0,0,0,0,0,0]} 1. e4 c5 2. Nf3 d6 3. Bc4 Nf6 4. Qe2 Nc6 5. c3 Bg4 6. h3 Bxf3 7. Qxf3 g6 {B50: Sicilian: 2...d6, Miscellaneous} 8. O-O (8. Bb5 Bg7 9. e5 Nd7 10. exd6 Nde5 11. Qd5 Qb6 12. d7+ Nxd7 13. Na3 Rd8 14. Bxc6 bxc6 15. Qe4 {0-1 (49) Bartel,M (2623)-Laznicka,V (2676) Germany 2015}) 8... Bg7 {LiveBook: 4 Games} 9. Bb3 O-O {White has an edge.} 10. Qe2 Rb8 11. d3 b5 12. Be3 b4 $146 ({Predecessor:} 12... Nd7 13. Nd2 a5 14. a4 b4 15. Rfc1 {1-0 (31) Teterev,V (2506)-Kochetkov,G (2386) Minsk 2008}) 13. Nd2 bxc3 14. bxc3 Nd7 15. Rfc1 Qa5 16. Rab1 Rfc8 17. Nc4 Qa6 18. f4 Nb6 19. Bf2 (19. f5 $14) 19... Nxc4 $11 20. Bxc4 Qa3 21. Bb3 Na5 22. e5 dxe5 23. fxe5 e6 {[%cal Ra5b3]} 24. Qe1 Rd8 25. d4 Bh6 26. Be3 Bxe3+ 27. Qxe3 Nxb3 28. axb3 cxd4 29. cxd4 Rd7 30. Rc4 Qe7 31. Rf1 Rdb7 32. Rf3 Qd8 33. Kh2 Kg7 34. Qc3 Rd7 35. Rf4 Qb6 36. b4 Qd8 37. Rc5 Rbb7 38. Qc4 Qb6 (38... a6 $5) 39. b5 h6 40. d5 exd5 41. Qd4 Kh7 42. Rf6 Qd8 43. h4 h5 44. Qf4 Kg7 45. Qg5 Re7 46. Rd6 Qe8 47. Qf6+ Kh7 48. Rcxd5 {[#] Rd8 is the strong threat.} Re6 49. Qf4 {Black must now prevent Rd8.} Kg7 (49... Qh8 $11 {keeps the balance.}) 50. Qd4 (50. Rd8 $16 Qe7 51. Qd4) 50... Rxb5 {The position is equal.} 51. Rxb5 Qxb5 52. Rxe6 fxe6 53. Qxa7+ {[%mdl 4096] Endgame KQ-KQ} Kg8 54. Qa8+ Kg7 55. Qa7+ Kg8 56. Qe3 Qf1 57. Qg5 Qf7 58. Kg3 Kg7 59. Qf4 Qe7 60. Qf3 Qd8 61. Qe3 {Precision: White = 40%, Black = 56%.} 1/2-1/2

[Event "BL 2017-18"]
[Site "Germany"]
[Date "2018.02.25"]
[Round "10"]
[White "Schramm, Christian"]
[Black "Babula, Vlastimil"]
[Result "1/2-1/2"]
[WhiteElo "2376"]
[BlackElo "2554"]
[Annotator "TA"]
[PlyCount "51"]
[EventDate "2018.05.24"]
[EventType "team-tourn"]
[EventCountry "GER"]
[SourceTitle "playchess.com"]
[Source "ChessBase"]
[SourceQuality "1"]
[WhiteTeam "Zugzwang Muenchen"]
[BlackTeam "Werder Bremen"]

{[%evp 33,51,48,76,38,33,31,34,0,0,0,0,0,0,0,0,0,0,0,0,0]} 1. e4 c5 2. Nf3 e6 3. d4 cxd4 4. Nxd4 Nc6 5. Nc3 Qc7 6. Be2 a6 7. O-O Nf6 8. Be3 Be7 9. f4 d6 10. Qe1 O-O 11. Qg3 Nxd4 12. Bxd4 b5 13. a3 Bb7 14. Bd3 Rad8 15. Kh1 Bc6 16. Rae1 Qb7 17. Qh3 h6 {LiveBook: 6 Partien. B85: Sizilianisch (Scheveninger System)} (17... g6 18. f5 e5 19. Be3 Nh5 20. Rf3 Bf6 21. Ref1 Kg7 22. Qg4 Nf4 23. Bxf4 h5 24. Bh6+ Kxh6 25. Qh3 Qe7 {½-½ (54) Heberla,B (2541)-Klekowski,M (2439) Poland 2016}) 18. Rf3 b4 19. Rg3 {Beabsichtigt Dxh6 und Matt.} Kh8 $1 {Weiß steht etwas besser.} 20. Nd5 $146 ({Vorgänger:} 20. Nd1 bxa3 21. bxa3 Rc8 22. e5 dxe5 23. Bxe5 Bb5 24. Be4 Qd7 25. Rxg7 Kxg7 26. Qg3+ {1-0 (26) Zapf,H (2438)-Ward,A (2160) ICCF email 2010}) 20... Bxd5 {[#]Die Stellung ist ausgeglichen.} 21. Rxg7 $1 {[%mdl 512]} Kxg7 22. Qg4+ Kh8 23. Qh4 Kg7 $1 24. Qg4+ Kh8 25. Qh4 Kg7 $1 (25... e5 26. fxe5 dxe5 27. Qxh6+ Kg8 28. Qg5+ Kh8 29. Bxe5 $18) 26. Qg4+ 1/2-1/2

[Event "BL 2017-18"]
[Site "Germany"]
[Date "2018.02.25"]
[Round "10"]
[White "Moehn, Hans"]
[Black "Zpevak, Pavel"]
[Result "1/2-1/2"]
[WhiteElo "2365"]
[BlackElo "2341"]
[Annotator "NA"]
[PlyCount "114"]
[EventDate "2018.05.24"]
[EventType "team-tourn"]
[EventCountry "GER"]
[SourceTitle "playchess.com"]
[Source "ChessBase"]
[SourceQuality "1"]
[WhiteTeam "Dresden"]
[BlackTeam "Schwaebisch Hall"]
[TimeControl "40/6000+30:3000+30"]

1. Nf3 {[%emt 0:00:00]} Nf6 {[%emt 0:00:17]} 2. g3 {[%emt 0:00:00]} d5 {[%emt 0:00:47]} 3. Bg2 {[%emt 0:00:00]} c6 {[%emt 0:00:27]} 4. O-O {[%emt 0:00:00]} Bf5 {[%emt 0:00:20]} 5. c4 {[%emt 0:00:02]} e6 {[%emt 0:01:20]} 6. cxd5 {[%emt 0:00:07]} exd5 {[%emt 0:02:00]} 7. d3 {[%emt 0:00:07]} Be7 {[%emt 0:00:34]} 8. Qb3 {[%emt 0:00:12] A11: Reti-Eröffnung} Qb6 {[%emt 0:03:47]} 9. Qc2 {[%emt 0:00:07]} Qc5 {[%emt 0:03:55]} 10. Qa4 $146 {[%emt 0:07:40]} ({Vorgänger:} 10. Nc3 Nbd7 11. b4 Qb6 12. e4 dxe4 13. dxe4 Bg6 14. Be3 Qxb4 15. Rab1 Qc4 {½-½ (52) Meier,G (2656)-Braun,A (2563) Germany 2015}) 10... Qb4 {[%emt 0:09:03]} 11. Qxb4 {[%emt 0:01:51]} Bxb4 {[%emt 0:00:21]} 12. Nc3 {[%emt 0:01:16]} O-O {[%emt 0:09:58]} 13. Bf4 {[%emt 0:29:01]} Re8 {[%emt 0:06:39]} 14. a3 {[%emt 0:00:45]} Bf8 {[%emt 0:04:57]} 15. b4 {[%emt 0:01:04]} a6 {[%emt 0:05:48]} 16. Nd4 {[%emt 0:03:17]} Bc8 {[%emt 0:02:24]} 17. Nb3 {[%emt 0:05:49]} Nbd7 {[%emt 0:04:35]} 18. Rfe1 {[%emt 0:06:07]} h6 {[%emt 0:08:36]} 19. Rab1 {[%emt 0:05:35]} g6 $14 {[%emt 0:10:46]} 20. Be3 {[%emt 0:02:23]} Bg7 {[%emt 0:06:28]} 21. Bd4 {[%emt 0:01:30]} Nf8 {[%emt 0:03:29]} 22. Na4 {[%emt 0:06:14]} N6d7 {[%emt 0:03:52]} 23. Bxg7 {[%emt 0:08:11]} Kxg7 {[%emt 0:00:12]} 24. Kf1 {[%emt 0:00:42]} Rb8 {[%emt 0:07:00]} 25. Rec1 {[%emt 0:00:44]} Nf6 {[%emt 0:02:17]} 26. Nc3 {[%emt 0:02:54]} Ne6 {[%emt 0:02:16]} 27. a4 {[%emt 0:06:45]} Bd7 {[%emt 0:06:01]} 28. b5 {[%emt 0:05:09]} cxb5 {[%emt 0:00:32]} 29. axb5 {[%emt 0:02:35]} d4 {[%emt 0:00:32]} 30. bxa6 {[%emt 0:01:18]} bxa6 {[%emt 0:01:53]} 31. Nd5 {[%emt 0:01:38]} Rb5 {[%emt 0:00:51]} 32. Nxf6 {[%emt 0:02:06]} Kxf6 {[%emt 0:00:07]} 33. Nd2 {[%emt 0:00:14]} Rxb1 {[%emt 0:01:33]} 34. Rxb1 {[%emt 0:00:09]} Bb5 {[%emt 0:00:25]} 35. Bd5 {[%emt 0:03:47]} Rc8 {[%emt 0:02:07]} 36. Bc4 {[%emt 0:00:20]} Bxc4 {[%emt 0:01:35]} 37. Nxc4 {[%emt 0:00:02]} Rc6 {[%emt 0:00:29]} 38. Kg2 {[%emt 0:05:31]} Ke7 {[%emt 0:00:36]} 39. h4 {[%emt 0:01:43]} Nc7 {[%emt 0:00:29]} 40. Rb8 {[%emt 0:02:06]} Rc5 {[%emt 0:50:30]} 41. f4 {[%emt 0:09:11]} Rb5 {[%emt 0:00:00]} 42. Rc8 {[%emt 0:00:21]} Kd7 {[%emt 0:00:00]} 43. Rh8 {[%emt 0:05:11]} a5 {[%emt 0:00:00]} 44. Rh7 {[%emt 0:02:32]} Ke6 {[%emt 0:00:00]} 45. Rxh6 {[%emt 0:00:44]} a4 {[%emt 0:00:00]} 46. g4 {[%emt 0:02:33]} Kf6 {[%emt 0:00:00]} 47. Rh7 {[%emt 0:04:24]} Rc5 {[%emt 0:00:00]} 48. h5 {[%emt 0:11:20]} Ne6 {[%emt 0:00:00]} 49. Kf3 {[%emt 0:07:18]} gxh5 {[%emt 0:00:57]} 50. Rh6+ {[%emt 0:09:03]} Kg7 {[%emt 0:00:26]} 51. Rxh5 {[%emt 0:01:21]} Rxh5 {[%emt 0:00:15]} 52. gxh5 {[%emt 0:00:02]} f5 {[%emt 0:00:37]} 53. e4 {[%emt 0:01:54]} dxe3 {[%emt 0:00:11]} 54. Kxe3 {[%emt 0:00:02]} Kh6 {[%emt 0:02:18]} 55. d4 {[%emt 0:00:02]} Nc7 {[%emt 0:00:54]} 56. Kd3 {[%emt 0:00:46]} Nd5 {[%emt 0:00:29]} 57. Nd6 {[%emt 0:00:31]} Nxf4+ {[%emt 0:00:36] Ke4} 1/2-1/2

[Event "BL 2017-18"]
[Site "Germany"]
[Date "2018.02.25"]
[Round "10"]
[White "Rafiee, Makan"]
[Black "Zwirs, Nico"]
[Result "0-1"]
[WhiteElo "2348"]
[BlackElo "2378"]
[Annotator "NA"]
[PlyCount "66"]
[EventDate "2018.05.24"]
[EventType "team-tourn"]
[EventCountry "GER"]
[SourceTitle "playchess.com"]
[Source "ChessBase"]
[SourceQuality "1"]
[WhiteTeam "Bayern Muenchen"]
[BlackTeam "Muelheim"]
[TimeControl "40/6000+30:3000+30"]

1. e4 {[%emt 0:00:30]} c5 {[%emt 0:01:00]} 2. Nf3 {[%emt 0:00:00]} d6 {[%emt 0:00:00]} 3. d4 {[%emt 0:00:00]} cxd4 {[%emt 0:00:00]} 4. Nxd4 {[%emt 0:00:00]} Nf6 {[%emt 0:00:00]} 5. Nc3 {[%emt 0:00:00]} a6 {[%emt 0:00:00]} 6. Bg5 {[%emt 0:00:30]} e6 {[%emt 0:00:30]} 7. f4 {[%emt 0:00:00]} Be7 {[%emt 0:00:30]} 8. Qf3 {[%emt 0:00:00]} Qc7 {[%emt 0:00:30]} 9. O-O-O {[%emt 0:00:30]} Nbd7 {[%emt 0:00:00]} 10. Bd3 {[%emt 0:00:00]} h6 {[%emt 0:00:00]} 11. Qh3 {[%emt 0:01:00]} b5 {[%emt 0:14:30] B99: Sicilian Najdorf: 6 Bg5 e6 7 f4 Be7 8 Qf3 Qc7 9 0-0-0 Nbd7} (11... Nb6 12. f5 e5 13. Nb3 Bd7 14. Rhe1 O-O-O 15. Bxf6 Bxf6 16. Nd5 Nxd5 17. exd5 Kb8 18. Kb1 Qb6 19. Qf3 a5 20. Re4 {1-0 (30) Naiditsch,A (2674)-Bologan,V (2690) Sibenik 2010}) 12. e5 {[%emt 0:07:30]} dxe5 {[%emt 0:01:30]} 13. Nxe6 {[%emt 0:00:00]} fxe6 {[%emt 0:05:30]} 14. Bg6+ {[%emt 0:00:00]} Kd8 {[%emt 0:00:30]} 15. Bxf6 {[%emt 0:01:30]} gxf6 {[%emt 0:30:30]} 16. Qxe6 {[%emt 0:00:30]} Rb8 $1 {[%emt 0:00:00]} 17. Nd5 $146 {[%emt 0:42:30]} ({Predecessor:} 17. Ne4 Rb6 18. Qh3 Bb7 19. Bf5 {½-½ (66) Librelato,K (1826)-Cosme Contreras,T (1667) Barrancabermeja 2015}) 17... Qd6 {[%emt 0:01:00]} 18. Qf7 {[%emt 0:01:30]} Rf8 {[%emt 0:04:30]} ({Aber nicht} 18... exf4 $2 19. Qg7 $18) 19. Qg7 {[%emt 0:00:30]} f5 {[%emt 0:10:30]} 20. Rd2 $14 {[%emt 0:17:30]} e4 {[%emt 0:26:59]} 21. Rhd1 {[%emt 0:00:00]} Rb7 {[%emt 0:01:46]} 22. Qh7 {[%emt 0:14:00]} Qe6 {[%emt 0:01:51]} 23. g4 {[%emt 0:01:30]} fxg4 {[%emt 0:04:07]} 24. Bxe4 {[%emt 0:00:30]} Bd6 {[%emt 0:01:21]} 25. Kb1 {[%emt 0:08:54]} Nc5 {[%emt 0:00:51]} 26. Nc7 {[%emt 0:00:41]} Rxc7 {[%emt 0:01:24]} 27. Rxd6+ {[%emt 0:00:06]} Rd7 {[%emt 0:00:09]} 28. Rxd7+ {[%emt 0:03:14]} Bxd7 {[%emt 0:00:23]} 29. Bd5 {[%emt 0:00:53]} Qf6 {[%emt 0:00:20]} 30. Bg8 {[%emt 0:04:00]} Qe7 {[%emt 0:01:24]} 31. Qg6 {[%emt 0:00:16]} Kc7 {[%emt 0:00:41]} 32. Bd5 {[%emt 0:01:36]} Rxf4 {[%emt 0:00:48]} 33. Qxh6 {[%emt 0:00:35]} Qf6 {[%emt 0:00:21]} 0-1

[Event "BL 2017-18"]
[Site "Germany"]
[Date "2018.02.25"]
[Round "10"]
[White "Powierski, Emil"]
[Black "Baramidze, David"]
[Result "0-1"]
[WhiteElo "2334"]
[BlackElo "2610"]
[Annotator "TA"]
[PlyCount "90"]
[EventDate "2018.05.24"]
[EventType "team-tourn"]
[EventCountry "GER"]
[SourceTitle "playchess.com"]
[Source "ChessBase"]
[SourceQuality "1"]
[WhiteTeam "Norderstedt"]
[BlackTeam "Hockenheim"]

{[%evp 19,90,29,36,27,36,31,36,29,33,24,24,27,34,21,20,21,33,0,58,38,40,38,36,30,33,28,39,20,42,0,6,-5,0,0,0,-14,0,-2,0,0,16,-32,-32,-38,-30,-34,-47,-62,-54,-74,-82,-91,-75,-88,-63,-56,-43,-50,-35,-100,-33,-644,-318,-645,-636,-669,-670,-660,-652,-636,-616,-608,-553]} 1. e4 e5 2. Nf3 Nc6 3. Bb5 a6 4. Ba4 Nf6 5. O-O Be7 6. d3 d6 7. c3 O-O 8. Nbd2 b5 9. Bc2 Nb8 {C77: Ruy Lopez: 3...a6 4 Ba4 Nf6, unusual lines} (9... d5 10. d4 exd4 11. e5 d3 12. Bxd3 Ng4 13. Qe2 f6 14. exf6 Nxf6 15. h3 Bd6 16. Re1 Re8 17. Qd1 Rxe1+ 18. Qxe1 {½-½ (43) Karjakin,S (2773)-Aronian,L (2799) Saint Louis 2017}) 10. a4 Bb7 {LiveBook: 3 Games} 11. d4 Nbd7 {White has an edge.} 12. Qe2 Re8 13. dxe5 dxe5 14. Rd1 c6 15. Nf1 Qc7 16. Ng3 Bf8 {[#]} 17. h3 $146 ({Predecessor:} 17. Nf5) 17... Nc5 18. Nh2 g6 ({Black should play} 18... bxa4 $11 19. Bg5 Re6) 19. Bg5 (19. Qf3 $5 {[%cal Rf3f6]} Bg7 20. Bg5 $14) 19... Be7 20. Qf3 Kg7 $1 21. Qe3 {Hoping for Bxf6+.} Ne6 $1 22. Bh6+ Kh8 23. Bb3 Bc8 24. Qf3 Rb8 25. Rd2 bxa4 26. Bc4 Rd8 27. Rxd8+ Qxd8 28. Qe2 Nf4 $36 {[%mdl 2048] Black has good play.} 29. Qc2 Qb6 30. Rxa4 Qxb2 31. Qxb2 Rxb2 32. Nf3 $1 {[%cal Rf3e5]} Ng8 33. Bxf4 exf4 34. Ne2 Nf6 35. Nxf4 Nxe4 {White must now prevent ...Rb1+.} 36. Bxf7 Rb1+ 37. Kh2 Nxf2 {[#] Threatens to win with ...Bd6.} 38. Bxg6 $1 {[%mdl 512]} Rc1 (38... hxg6 39. Nxg6+) 39. Rc4 {[#]} ({Better is} 39. Kg3 $15) 39... Bd6 (39... c5 $1 $17 {...Bd7 is the strong threat.} 40. Kg3 Nh1+ 41. Kh2 Kg7) 40. Rxc6 $2 {[%mdl 8192]} (40. Ng5 $15 Kg7 41. Bxh7) 40... Bxf4+ $19 41. g3 Bb7 {Black is clearly winning.} 42. Rb6 Bxf3 {[%csl Gf2,Gf3][%cal Rc1h1]} 43. gxf4 hxg6 44. Kg3 Rxc3 {( -> ...Ne4+)} 45. Kxf2 Be4 {Precision: White = 56%, Black = 67%.} 0-1